Preparación y evaluación de proyectos (Registro nro. 926)
[ vista simple ]
| 000 -LEADER | |
|---|---|
| fixed length control field | 01822 a2200253 4500 |
| 001 - CONTROL NUMBER | |
| control field | 22205 |
| 005 - DATE AND TIME OF LATEST TRANSACTION | |
| control field | 20260407155511.0 |
| 008 - FIXED-LENGTH DATA ELEMENTS--GENERAL INFORMATION | |
| fixed length control field | 260407a1994 arg spa d |
| 003 - CONTROL NUMBER IDENTIFIER | |
| control field | AR-UNSa-BCEJYS |
| 040 ## - CATALOGING SOURCE | |
| Original cataloging agency | AR-UNSa-BCEJYS |
| Language of cataloging | spa |
| Transcribing agency | AR-UNSa-BCEJYS |
| 080 ## - UNIVERSAL DECIMAL CLASSIFICATION NUMBER | |
| Universal Decimal Classification number | 658.16 |
| Common auxiliary subdivision | Reorganización financiera (Proyectos de inversión) |
| 020 ## - INTERNATIONAL STANDARD BOOK NUMBER | |
| International Standard Book Number | 978-968-422-045-4 |
| 100 1# - MAIN ENTRY--PERSONAL NAME | |
| Personal name | Sapag Chain, Nassir |
| 245 10 - TITLE STATEMENT | |
| Title | Preparación y evaluación de proyectos |
| 250 ## - EDITION STATEMENT | |
| Edition statement | 2a. ed |
| 264 #1 - PRODUCTION, PUBLICATION, DISTRIBUTION, MANUFACTURE, AND COPYRIGHT NOTICE | |
| Place of production, publication, distribution, manufacture | México : |
| Name of producer, publisher, distributor, manufacturer | McGraw-Hill |
| Date of production, publication, distribution, manufacture, or copyright notice | 1994 |
| 300 ## - PHYSICAL DESCRIPTION | |
| Extent | 404 p. |
| Dimensions | 23 cm. |
| 505 ## - FORMATTED CONTENTS NOTE | |
| Formatted contents note | 1. El estudio de los proyectos de inversión - 2. Planes de desarrollo , programas y proyectos - 3. El proceso de preparación y evaluación de proyectos - Parte II:Mercado: 4. Estructura económica del mercado - 5. El estudio de mercado - 6. Técnicas de proyección del mercado - Parte III: El estudio técnico: 7.Ingeniería del proyecto - 8. Valorización económica de las variables técnicas - 9. Decisiones de tamaño - 10. Decisiones de tamaño - Parte IV: La organización: 11. Incidencia de los costos en aspectos organizacionales - 12. Incidencia en los costos de los sistemas y procedimientos administrativos - 13. Estudios legales - Parte V: El estudio financiero: 14. Las inversiones del proyecto - 15. Flujo de caja proyectado - 16. Financiamiento y taza de descuento - Parte VI: La evaluación : 17. Técnicas de evaluación - 18. Análisis de riesgo - 19. Análisis de sensibilidad - Parte VII: Estudios Complementarios: 20. Flujos relevantes - 21. Evaluación de proyecto en marcha. |
| 590 ## - LOCAL NOTE (RLIN) | |
| Local note | niveau_biblio:m niveau_hierar:0 |
| 700 1# - ADDED ENTRY--PERSONAL NAME | |
| Personal name | Sapag Chain, Reinaldo |
| 700 1# - ADDED ENTRY--PERSONAL NAME | |
| Personal name | Daza, Libardo |
| 856 41 - ELECTRONIC LOCATION AND ACCESS | |
| Uniform Resource Identifier | <a href="https://biblioeco.unsa.edu.ar/pmb/images/libros/Preparacion y Evaluacion de Proyectos.jpg">https://biblioeco.unsa.edu.ar/pmb/images/libros/Preparacion y Evaluacion de Proyectos.jpg</a> |
| Link text | Imagen de portada |
| Electronic format type | image/jpeg |
| 942 ## - ADDED ENTRY ELEMENTS (KOHA) | |
| Koha item type | |
| Withdrawn status | Lost status | Damaged status | Not for loan | Home library | Current library | Shelving location | Date acquired | Total checkouts | Full call number | Barcode | Date last seen | Price effective from | Koha item type |
|---|---|---|---|---|---|---|---|---|---|---|---|---|---|
| Biblioteca Prof. Eusebio Cleto del Rey | Biblioteca Prof. Eusebio Cleto del Rey | 07/04/2026 | 658.16 S241 2ed. | L85037 | 07/04/2026 | 07/04/2026 | Libro | ||||||
| Biblioteca Prof. Eusebio Cleto del Rey | Biblioteca Prof. Eusebio Cleto del Rey | 07/04/2026 | 658.16 S241 2ed. | L65134 | 07/04/2026 | 07/04/2026 | Libro |